| 000 | 00395nam a2200169Ia 4500 | ||
|---|---|---|---|
| 008 | 151213s9999 xx 000 0 und d | ||
| 020 | _a007-123932-4 | ||
| 100 | _aSamuelson | ||
| 245 |
_aEconomics _cSamuelson |
||
| 250 | _a18th | ||
| 260 |
_aNew York _bMc Graw Hill Edition _c2005 |
||
| 300 | _a9260 p. | ||
| 650 | _aEconomics | ||
| 650 | _aEconomics | ||
| 700 | _aSamuelson | ||
| 999 |
_c4726 _d4726 |
||